| 000 | 01696cam a22002653a 4500 | ||
|---|---|---|---|
| 001 | 31697 | ||
| 003 | PGUSA | ||
| 005 | 20140828083703.0 | ||
| 008 | 100318s2010||||xxu|||||s|||||000 1 eng d | ||
| 040 |
_aPGUSA _beng |
||
| 042 | _adc | ||
| 050 | 4 | _aPR | |
| 100 | 1 |
_aMore, Hannah, _d1745-1833 |
|
| 245 | 1 | 4 |
_aThe Shepherd of Salisbury Plain, and Other Tales _h[electronic resource] / _cHannah More |
| 260 |
_bProject Gutenberg, _c2010 |
||
| 505 | 0 | _aTales for the common people: The shepherd of Salisbury Plain. The two shoemakers. The history of Tom White, the post boy. The Sunday school. The history of Hester Wilmot, being the sequel to the Sunday school. The history of Betty Brown, the St. Giles's orange girl; with some accoung of Mrs. Sponge, the money-lender. Black Giles the poacher; containing some account of a family who had rather live by their wits than their work. Tawney Rachel, or the fortune-teller; with some account of dreams, omens, and conjurers -- Stories for persons of middle rank: The history of Mr. Fantom (the new-fashioned philosopher), and his man William. The two wealthy farmers; or the history of Mr. Bragwell. 'Tis all for the best. A cure for melancholy -- Allegories: The pilgrims. The valley of tears. The strait gate and the broad way. Parley the porter. The grand assizes; or general jail delivery. The servant man turned soldier, or the fair-weather Christian. | |
| 506 | _aPublic domain in the USA. | ||
| 516 | _aElectronic text | ||
| 653 | _aConduct of life -- Fiction | ||
| 653 | _aChristian life -- Fiction | ||
| 653 | _aShort stories | ||
| 830 | 0 |
_aProject Gutenberg _v31697 |
|
| 856 | 4 | 0 | _uhttp://www.gutenberg.org/ebooks/31697 |
| 942 | _cEB | ||
| 999 |
_c260952 _d260952 |
||